000 00464nam a22001817a 4500
003 CEME
005 20210628203356.0
008 210305b xxu||||| |||| 00| 0 eng d
020 _a0-14-062291-8
040 _c.
082 _a808.83 HUG
100 _aHugo, Victor
_965062
245 _aLes miserables
260 _aNEW YORK
_bPENGUIN BOOKS
_c1998
300 _a227P
650 _aENGLISH LITERATURE-FICTION.PENGUINE POPULAR CLASSIC
_964803
942 _cBK
_2ddc
999 _c573380
_d573380